Airlines ranked by passengers carried - Statistics

General Stats
  • This quiz has been taken 34 times
  • The average score is 6 of 10
Answer Stats
Hint Answer % Correct
2 American Airlines
96%
7 United Airlines
92%
6 Southwest Airlines
71%
4 China Eastern
67%
1 China Southern
63%
8 Ryanair
54%
10 Lufthansa Group
50%
5 Air China
46%
3 Delta Air Lines
38%
9 Hainan Airlines
25%
No matching quizzes found
Score Distribution
Percent of People with Each Score
Percentile by Number Answered
Your Score History
You have not taken this quiz